Price Level Stabilization: Hayek Contra Mainstream Economics

Preskúmanie hayekovského prístupu a porovnanie tejto teórie s modernou mainstreamovou paradigmou nadradenosti stabilizácie cenovej hladiny. Relatívne ceny v rastúcej ekonomike. Rozdiel úrokových mier v rastúcom hospodárstve. Rakúska teória v keynesiánskom rámci a mainstreamová perspektíva. Rakúska k...

Descrizione completa

Salvato in:
Dettagli Bibliografici
Autore principale: Potužák, Pavel
Natura: Capitolo di libro
Lingua:inglese
Soggetti:
Tags: Aggiungi Tag
Nessun Tag, puoi essere il primo ad aggiungerne!!

MARC

LEADER 00000naa a2200000 4500
001 0247609
005 20180911150007.8
041 0 |a eng 
044 |a CZ 
245 1 0 |a Price Level Stabilization: Hayek Contra Mainstream Economics  |c Pavel Potužák 
520 |a Preskúmanie hayekovského prístupu a porovnanie tejto teórie s modernou mainstreamovou paradigmou nadradenosti stabilizácie cenovej hladiny. Relatívne ceny v rastúcej ekonomike. Rozdiel úrokových mier v rastúcom hospodárstve. Rakúska teória v keynesiánskom rámci a mainstreamová perspektíva. Rakúska kritika neokeynesiánskych pohľadov. 
610 2 0 |a politika mierová 
610 2 0 |a hladina cenová 
610 2 0 |a stabilizácia hospodárstva 
610 2 0 |a miera úroková 
610 2 0 |a rast hospodársky 
610 2 0 |a cykly hospodárske 
610 2 0 |a ekonómia 
610 2 0 |a teórie ekonomické 
610 2 0 |a Rakúska škola 
610 2 0 |a keynesizmus 
610 2 0 |a neokeynesizmus 
610 2 0 |a história 
100 1 |a Potužák, Pavel